[Event "BCF-chT3W 2223 (4NCL)"]
[Site "England"]
[Date "2023.03.18"]
[Round "7.34"]
[White "Rathbone Jones, Ifan"]
[Black "Slinger, Tony J"]
[Result "1/2-1/2"]
[WhiteElo "2059"]
[BlackElo "1924"]
[PlyCount "93"]
[EventDate "2022.10.22"]
[EventType "team-tourn"]
[EventRounds "11"]
[EventCountry "ENG"]
[SourceTitle "EXT 2024"]
[Source "ChessBase"]
[SourceDate "2023.10.10"]
[SourceVersion "1"]
[SourceVersionDate "2023.10.10"]
[SourceQuality "1"]
[WhiteTeam "West is Best II"]
[BlackTeam "Chessable White Rose III"]
[WhiteTeamCountry "WLS"]
[BlackTeamCountry "ENG"]

1. d4 Nf6 2. g3 d5 3. Nf3 g6 4. Bg2 Bg7 5. c4 c6 6. 0-0 0-0 7. Nc3 Nbd7 8. Bf4 dxc4 9. Qc2 Nd5 10. Bd2 e5 11. dxe5 Nxe5 12. Nxe5 Bxe5 13. Bh6 Bg7 14. Bxg7 Kxg7 15. Rad1 Qe7 16. Bxd5 cxd5 17. Nxd5 Qc5 18. Qc3+ f6 19. Rd4 b5 20. Rfd1 Be6 21. Nf4 Rae8 22. Qe3 Bf7 23. Qf3 Re7 24. Rd7 Rfe8 25. Qb7 Kf8 26. Rxe7 Rxe7 27. Rd8+ Re8 28. Rd7 Re7 29. Rxe7 Qxe7 30. Qxb5 Kg7 31. Qc6 g5 32. Nd5 Bxd5 33. Qxd5 Qxe2 34. Qd4 a6 35. h3 h5 36. Qa7+ Kg6 37. Qxa6 h4 38. Qb7 hxg3 39. fxg3 Qc2 40. Qf3 Qb1+ 41. Qf1 Qxa2 42. Qc1 Qb3 43. Kf2 Qb6+ 44. Kg2 Qc6+ 45. Kf2 Qe6 46. Qc2+ Kg7 47. Kg2 1/2-1/2

[Event "Cardiff Welsh Spring op"]
[Site "Cardiff"]
[Date "2023.03.05"]
[Round "5"]
[White "Parri, Deio"]
[Black "Rathbone Jones, Ifan"]
[Result "0-1"]
[WhiteElo "1601"]
[BlackElo "1934"]
[PlyCount "62"]
[EventDate "2023.03.04"]
[EventType "swiss"]
[EventRounds "5"]
[EventCountry "WLS"]
[SourceTitle "EXT 2024"]
[Source "ChessBase"]
[SourceDate "2023.10.10"]
[SourceVersion "1"]
[SourceVersionDate "2023.10.10"]
[SourceQuality "1"]

1. d4 d5 2. c4 e6 3. Nc3 Nf6 4. Nf3 Be7 5. Bf4 c6 6. e3 Nbd7 7. Bd3 0-0 8. 0-0 dxc4 9. Bxc4 b5 10. Bb3 a5 11. a3 Bb7 12. Re1 Qb6 13. Ne5 Rfd8 14. Nxd7 Nxd7 15. Bc2 Nf8 16. Qg4 c5 17. Bh6 Ng6 18. Bg5 f5 19. Qh5 Qc6 20. d5 exd5 21. Bxf5 Bxg5 22. Qxg5 Rd6 23. Rad1 b4 24. axb4 axb4 25. Ne2 Rf8 26. Nf4 Nxf4 27. exf4 Rdf6 28. Re7 g6 29. g4 Rxf5 30. gxf5 d4 31. Kf1 Qh1+ 0-1

[Event "Cardiff Welsh Spring op"]
[Site "Cardiff"]
[Date "2023.03.04"]
[Round "3"]
[White "Fowler, Hugo"]
[Black "Rathbone Jones, Ifan"]
[Result "1/2-1/2"]
[WhiteElo "1878"]
[BlackElo "1934"]
[PlyCount "67"]
[EventDate "2023.03.04"]
[EventType "swiss"]
[EventRounds "5"]
[EventCountry "WLS"]
[SourceTitle "EXT 2024"]
[Source "ChessBase"]
[SourceDate "2023.10.10"]
[SourceVersion "1"]
[SourceVersionDate "2023.10.10"]
[SourceQuality "1"]

1. e4 c5 2. c3 d5 3. exd5 Qxd5 4. d4 Nf6 5. Nf3 Bg4 6. Be2 Nc6 7. h3 Bxf3 8. Bxf3 Qe6+ 9. Be3 cxd4 10. cxd4 Nd5 11. Qe2 Nxe3 12. fxe3 Qd7 13. 0-0 e6 14. Nc3 Be7 15. d5 Ne5 16. dxe6 Nxf3+ 17. Qxf3 Qxe6 18. Qxb7 0-0 19. Qe4 Qxe4 20. Nxe4 Rfe8 21. Rad1 Rad8 22. g4 h6 23. Kg2 Rxd1 24. Rxd1 Ba3 25. bxa3 Rxe4 26. Kf3 Ra4 27. Rd3 Kf8 28. Ke2 Ke7 29. Kd2 h5 30. gxh5 Rh4 31. Rd5 Ra4 32. Rd3 Rh4 33. Rd5 Ra4 34. Rd3 1/2-1/2

[Event "Cardiff Welsh Spring op"]
[Site "Cardiff"]
[Date "2023.03.04"]
[Round "1"]
[White "Twohig, Tycho"]
[Black "Rathbone Jones, Ifan"]
[Result "0-1"]
[WhiteElo "1430"]
[BlackElo "1934"]
[PlyCount "78"]
[EventDate "2023.03.04"]
[EventType "swiss"]
[EventRounds "5"]
[EventCountry "WLS"]
[SourceTitle "EXT 2024"]
[Source "ChessBase"]
[SourceDate "2023.10.10"]
[SourceVersion "1"]
[SourceVersionDate "2023.10.10"]
[SourceQuality "1"]

1. e4 c5 2. Nf3 d6 3. c4 Nc6 4. d3 g6 5. Nc3 Bg7 6. Be3 Nf6 7. h3 0-0 8. Be2 Bd7 9. 0-0 Ne8 10. Qd2 Nc7 11. Rad1 e5 12. a3 f5 13. Bg5 Qe8 14. Bh6 f4 15. Bxg7 Kxg7 16. Qc2 g5 17. Nh2 Nd4 18. Qd2 b5 19. Bg4 Bxg4 20. Nxg4 h5 21. Nh2 Rf6 22. Rde1 Rg6 23. Qd1 bxc4 24. dxc4 g4 25. h4 Rb8 26. Qd2 Qd8 27. g3 Nf3+ 28. Nxf3 gxf3 29. Kh2 Rg4 30. Kh3 Qd7 31. Kh2 Qe7 32. Kh3 Qe6 33. Kh2 Kh8 34. Rg1 Qf6 35. Kh3 fxg3 36. Qg5 Rxg5 37. hxg5 Qe6+ 38. Kxg3 Qg4+ 39. Kh2 Qh4# 0-1

[Event "GBR-ch 108th"]
[Site "Torquay"]
[Date "2022.08.15"]
[Round "3"]
[White "Yao, Lan"]
[Black "Rathbone Jones, Ifan"]
[Result "1-0"]
[WhiteElo "2274"]
[BlackElo "2006"]
[PlyCount "91"]
[EventDate "2022.08.13"]
[EventType "swiss"]
[EventRounds "9"]
[EventCountry "ENG"]
[SourceTitle "CBM 209 Extra"]
[Source "ChessBase"]
[SourceDate "2022.09.30"]
[SourceVersion "1"]
[SourceVersionDate "2022.09.30"]
[SourceQuality "1"]

1. e4 c6 2. d4 d5 3. Nd2 dxe4 4. Nxe4 Nf6 5. Nxf6+ exf6 6. c3 c5 7. Nf3 Be7 8. Be3 0-0 9. Be2 Qc7 10. 0-0 Rd8 11. Qc2 g6 12. Rad1 Bf5 13. Qb3 Nd7 14. Bc4 b5 15. Bxf7+ Kg7 16. dxc5 a5 17. Bd5 Rab8 18. Nd4 Bg4 19. Bf3 Nxc5 20. Bxg4 Rxd4 21. Rxd4 Nxb3 22. Rd7 Qe5 23. axb3 h5 24. Bf3 Kf8 25. Re1 Ke8 26. Rxe7+ Qxe7 27. Bd2 Qxe1+ 28. Bxe1 b4 29. Bd5 Rd8 30. c4 Ke7 31. Kf1 Kd6 32. Bd2 g5 33. Ke2 g4 34. Bf4+ Kd7 35. Kd3 Re8 36. Be3 f5 37. Kd4 f4 38. Bxf4 Re2 39. c5 Rxf2 40. c6+ Ke7 41. Bg3 Rd2+ 42. Kc5 Rxb2 43. Bh4+ Ke8 44. Kd6 a4 45. c7 Rc2 46. Bc6+ 1-0

[Event "GBR-ch 108th"]
[Site "Torquay"]
[Date "2022.08.14"]
[Round "2"]
[White "Rathbone Jones, Ifan"]
[Black "Birtwistle, Nigel"]
[Result "1-0"]
[WhiteElo "2006"]
[BlackElo "2151"]
[PlyCount "65"]
[EventDate "2022.08.13"]
[EventType "swiss"]
[EventRounds "9"]
[EventCountry "ENG"]
[SourceTitle "CBM 209 Extra"]
[Source "ChessBase"]
[SourceDate "2022.09.30"]
[SourceVersion "1"]
[SourceVersionDate "2022.09.30"]
[SourceQuality "1"]

1. d4 Nf6 2. Bf4 c5 3. e3 g6 4. Nf3 Bg7 5. Nc3 0-0 6. Be2 Qb6 7. 0-0 d6 8. a4 Nc6 9. a5 Qd8 10. dxc5 dxc5 11. Bb5 Qxd1 12. Rfxd1 Nb4 13. Na4 a6 14. Bc4 Bf5 15. c3 Nc6 16. Nxc5 Nxa5 17. Rxa5 b6 18. Rxa6 bxc5 19. Rxa8 Rxa8 20. h3 e6 21. Ne5 h6 22. f3 g5 23. Bh2 Bc2 24. Rd2 Bb1 25. b4 cxb4 26. cxb4 Rc8 27. b5 Nd5 28. Nc6 Kh7 29. Bxd5 exd5 30. Rxd5 Ba2 31. Rd8 Rxd8 32. Nxd8 Bf6 33. b6 1-0

[Event "Glorney Cup"]
[Site "Cardiff"]
[Date "2022.07.19"]
[Round "2.1"]
[White "Merriman, James"]
[Black "Rathbone Jones, Ifan"]
[Result "0-1"]
[WhiteElo "1935"]
[BlackElo "1936"]
[PlyCount "50"]
[EventDate "2022.07.19"]
[EventType "team-tourn"]
[EventRounds "6"]
[EventCountry "WLS"]
[SourceTitle "CBM 210 Extra"]
[Source "ChessBase"]
[SourceDate "2022.11.30"]
[SourceVersion "1"]
[SourceVersionDate "2022.11.30"]
[SourceQuality "1"]
[WhiteTeam "England"]
[BlackTeam "Wales"]
[WhiteTeamCountry "ENG"]
[BlackTeamCountry "WLS"]

1. d4 e6 2. c4 Nf6 3. Nc3 d5 4. cxd5 exd5 5. Bg5 c6 6. e3 Be7 7. Bd3 Nbd7 8. Qc2 h6 9. Bf4 Nh5 10. Be5 Nxe5 11. dxe5 Bb4 12. Nge2 Qg5 13. f4 Qxg2 14. Kd2 Bg4 15. Rhg1 Qh3 16. Raf1 0-0-0 17. Rf2 Kb8 18. a3 Ba5 19. Ng3 d4 20. exd4 Rxd4 21. Nxh5 Rxd3+ 22. Qxd3 Rd8 23. Qxd8+ Bxd8 24. Ng3 Bb6 25. Rgg2 Bf3 0-1